| 000 | 00608cam a2200181 4500 | ||
|---|---|---|---|
| 008 | 081220s2003 mx 000 0 spa u | ||
| 020 | _a9703203701 ( | ||
| 035 | _aa476422 | ||
| 245 | 0 | 0 |
_aRepresentaciones, imaginarios e identidad : _bactores de la educación superior / _cJuan Manuel Piña Osorio, coordinador. |
| 260 |
_aMexico : _bUNAM, _c2003 |
||
| 300 |
_a239 p. ; _c23 cm. |
||
| 504 | _aIncluye bibliografías e índice | ||
| 506 | _aRec. Esc. | ||
| 650 | 7 |
_aEducación superior _zMéxico _2Lemb |
|
| 700 | 1 | _aPiña Osorio, Juan Manuel, ed. | |
| 942 |
_2lcc _cLIB |
||
| 999 |
_c69918 _d69918 |
||